[Event "GER Cup Net V2 U2000"]
[Site "Playchess.com INT"]
[Date "2020.05.22"]
[Round "9"]
[White "Niemann, Alexander"]
[Black "Radi, Guenter"]
[Result "0-1"]
[WhiteElo "1772"]
[BlackElo "1723"]
[PlyCount "142"]
[EventDate "2020.05.22"]
[EventType "swiss (blitz)"]
[EventRounds "9"]
[EventCountry "GER"]
[SourceTitle "EXT 2021"]
[Source "ChessBase"]
[SourceDate "2020.10.23"]
[SourceVersion "1"]
[SourceVersionDate "2020.10.23"]
[SourceQuality "1"]

1. e4 e6 2. d4 d5 3. exd5 exd5 4. c4 dxc4 5. Bxc4 Nf6 6. Nc3 Be7 7. h3 0-0 8. Nf3 Nbd7 9. Bf4 Nb6 10. Bb3 c6 11. 0-0 Nfd5 12. Nxd5 Nxd5 13. Be5 f6 14. Bg3 Kh8 15. a3 Be6 16. Re1 Bf7 17. Bc2 Bd6 18. Bxd6 Qxd6 19. Qd2 Rae8 20. Rxe8 Rxe8 21. Re1 Rxe1+ 22. Qxe1 Qe6 23. Qd2 Nb6 24. Kf1 Qa2 25. Bd3 Nc4 26. Bxc4 Bxc4+ 27. Kg1 Qb1+ 28. Kh2 h6 29. Kg3 g5 30. Kh2 Qe4 31. Kg1 b6 32. Qe3 Bd5 33. Qxe4 Bxe4 34. Nd2 Bd5 35. Kf1 Kg7 36. f3 Kf7 37. Ke2 Ke6 38. Ke3 Kd6 39. Ne4+ Ke6 40. Nc3 Bc4 41. Ne4 f5 42. Nc3 Bf1 43. Kf2 Ba6 44. g3 Bc4 45. h4 a5 46. hxg5 hxg5 47. Ke3 b5 48. Nd1 b4 49. axb4 axb4 50. Nf2 Kd5 51. Nd3 b3 52. Nc5 f4+ 53. gxf4 gxf4+ 54. Kxf4 Kxd4 55. Nd7 Bd5 56. Ne5 c5 57. Kf5 c4 58. f4 c3 59. bxc3+ Kxc3 60. Ng4 b2 61. Ne3 b1Q+ 62. Kf6 Qe4 63. Nxd5+ Qxd5 64. f5 Qd8+ 65. Kg6 Qf8 66. f6 Kd4 67. Kh7 Ke5 68. Kg6 Qxf6+ 69. Kh7 Qg5 70. Kh8 Kf6 71. Kh7 Qg7# 0-1

[Event "GER Cup Net V2 U2000"]
[Site "Playchess.com INT"]
[Date "2020.05.22"]
[Round "4"]
[White "Radi, Guenter"]
[Black "Morczynski, Joachim"]
[Result "1-0"]
[WhiteElo "1696"]
[BlackElo "1571"]
[PlyCount "51"]
[EventDate "2020.05.22"]
[EventType "swiss (blitz)"]
[EventRounds "9"]
[EventCountry "GER"]
[SourceTitle "EXT 2021"]
[Source "ChessBase"]
[SourceDate "2020.10.23"]
[SourceVersion "1"]
[SourceVersionDate "2020.10.23"]
[SourceQuality "1"]

1. d4 Nf6 2. Nf3 g6 3. c4 Bg7 4. Nc3 d6 5. e3 0-0 6. Be2 c5 7. d5 a6 8. 0-0 Nbd7 9. Bd2 Rb8 10. Rb1 e6 11. e4 exd5 12. exd5 Re8 13. Re1 Ne5 14. Nxe5 Rxe5 15. Bf3 Re8 16. Bf4 Bf5 17. Rc1 Qd7 18. Qd2 b5 19. b3 bxc4 20. bxc4 Bg4 21. Bxg4 Nxg4 22. h3 Ne5 23. Ne4 Rb4 24. Bh6 Nxc4 25. Qg5 Qd8 26. Bxg7 1-0

[Event "GER-ch Net Amateur Gr-B Vor3"]
[Site "Playchess.com INT"]
[Date "2020.04.16"]
[Round "3"]
[White "Radi, Guenter"]
[Black "Friemel, Reinhard"]
[Result "1-0"]
[WhiteElo "1492"]
[BlackElo "1685"]
[PlyCount "157"]
[EventDate "2020.04.16"]
[EventType "swiss (blitz)"]
[EventRounds "9"]
[EventCountry "GER"]
[SourceTitle "CBM 195 Extra"]
[Source "ChessBase"]
[SourceDate "2020.05.31"]
[SourceVersion "1"]
[SourceVersionDate "2020.05.31"]
[SourceQuality "1"]

1. d4 d5 2. Nf3 e6 3. c4 c6 4. e3 a6 5. Nc3 g6 6. Bd3 Bg7 7. 0-0 Ne7 8. Bd2 dxc4 9. Bxc4 b5 10. Bb3 Nd5 11. Ne4 a5 12. a3 a4 13. Ba2 Na6 14. Rc1 Bb7 15. Nc5 Nxc5 16. Rxc5 0-0 17. Qe2 Re8 18. Ne5 Bxe5 19. dxe5 Ne7 20. e4 Kg7 21. Bg5 h6 22. Bf6+ Kh7 23. f4 Qb6 24. Rfc1 Ng8 25. Kh1 Nxf6 26. exf6 Rad8 27. R5c3 Rd7 28. Bb1 Red8 29. Rd3 c5 30. Rcd1 Rxd3 31. Rxd3 c4 32. Rd2 Rd6 33. Qd1 Rxd2 34. Qxd2 Qc6 35. h3 Bc8 36. Qd4 Qd7 37. Qxd7 Bxd7 38. Kg1 g5 39. fxg5 hxg5 40. Kf2 e5 41. Bc2 Kg6 42. Bd1 Kxf6 43. Ke3 Bc6 44. Bf3 Ke6 45. Kd2 f5 46. exf5+ Kd6 47. Bxc6 Kxc6 48. Ke3 Kd5 49. g4 e4 50. f6 Ke6 51. Kxe4 Kxf6 52. Kd5 b4 53. Kxc4 bxa3 54. bxa3 Ke5 55. Kb4 Kf4 56. Kxa4 Kg3 57. Kb4 Kxh3 58. a4 Kxg4 59. a5 Kh3 60. a6 g4 61. a7 g3 62. a8Q g2 63. Qh8+ Kg3 64. Qa1 Kh2 65. Qb2 Kg3 66. Qc1 Kf2 67. Qd2+ Kf1 68. Qd1+ Kf2 69. Qd4+ Kf1 70. Qf4+ Ke1 71. Qg3+ Kf1 72. Qf3+ Kg1 73. Kc3 Kh2 74. Qf4+ Kh3 75. Qf2 Kh2 76. Kd2 Kh1 77. Qh4+ Kg1 78. Ke3 Kf1 79. Qf2# 1-0

[Event "GER-ch Net Amateur Gr-B Vor3"]
[Site "Playchess.com INT"]
[Date "2020.04.16"]
[Round "8"]
[White "Radi, Guenter"]
[Black "Klemens, Peter"]
[Result "0-1"]
[WhiteElo "1517"]
[BlackElo "1592"]
[PlyCount "102"]
[EventDate "2020.04.16"]
[EventType "swiss (blitz)"]
[EventRounds "9"]
[EventCountry "GER"]
[SourceTitle "CBM 195 Extra"]
[Source "ChessBase"]
[SourceDate "2020.05.31"]
[SourceVersion "1"]
[SourceVersionDate "2020.05.31"]
[SourceQuality "1"]

1. d4 d5 2. Nf3 c6 3. c4 Bf5 4. Nc3 e6 5. e3 Bd6 6. Bd2 Nf6 7. Rc1 Qe7 8. cxd5 exd5 9. Be2 Nbd7 10. 0-0 Ne4 11. Bd3 Nxc3 12. Bxc3 Bg6 13. Bxg6 hxg6 14. h3 Kf8 15. Re1 Kg8 16. Qc2 Nf6 17. Nd2 Re8 18. f3 Bb8 19. e4 dxe4 20. fxe4 Qc7 21. e5 Nd5 22. Ne4 Qe7 23. Rf1 Ne3 24. Qd2 Nxf1 25. Rxf1 Qe6 26. Ng5 Qd5 27. Nxf7 Rf8 28. Nxh8 Rxf1+ 29. Kxf1 Kxh8 30. a3 Bc7 31. Qg5 Qe6 32. Qf4 a6 33. g4 Bb6 34. Ke2 Qc4+ 35. Ke3 Qe6 36. Qf8+ Kh7 37. Qf4 c5 38. Qe4 cxd4+ 39. Bxd4 Qb3+ 40. Qd3 Bxd4+ 41. Kxd4 Qb6+ 42. Ke4 Qe6 43. Qd6 Qc4+ 44. Ke3 Qb3+ 45. Kf4 Qxb2 46. Kg5 Qc1+ 47. Kh4 g5+ 48. Kh5 Qe3 49. Qg6+ Kg8 50. Qxg5 Qxh3+ 51. Kg6 Qh7# 0-1

[Event "Ruhrgebiet Verbandsklasse Gruppe 1 1819"]
[Site "Nordrheinwestfalen"]
[Date "2019.03.24"]
[Round "8.3"]
[White "Bork, Sophie"]
[Black "Radi, Guenter"]
[Result "1/2-1/2"]
[WhiteElo "1895"]
[BlackElo "1898"]
[PlyCount "120"]
[EventDate "2018.09.23"]
[EventType "team-tourn"]
[EventRounds "9"]
[EventCountry "GER"]
[SourceTitle "EXT 2022"]
[Source "ChessBase"]
[SourceDate "2021.10.06"]
[SourceVersion "1"]
[SourceVersionDate "2021.10.06"]
[SourceQuality "1"]
[WhiteTeam "Mengede SG"]
[BlackTeam "Guennigfeld SV"]
[WhiteTeamCountry "GER"]
[BlackTeamCountry "GER"]

1. e4 c5 2. c3 Nc6 3. Nf3 g6 4. Bc4 e6 5. 0-0 Bg7 6. d4 cxd4 7. cxd4 Qb6 8. e5 Nge7 9. Bb3 Nf5 10. Be3 Na5 11. Nc3 Nxb3 12. axb3 0-0 13. Na4 Qd8 14. Bg5 f6 15. exf6 Bxf6 16. Bxf6 Rxf6 17. d5 d6 18. dxe6 Bxe6 19. Ng5 Ne7 20. Nxe6 Rxe6 21. Re1 Rxe1+ 22. Qxe1 Kf7 23. Qe4 Qc7 24. Re1 Qd7 25. h3 Rc8 26. Qh4 h5 27. Qf4+ Kg7 28. Qd4+ Kh7 29. Qf6 Ng8 30. Qd4 b6 31. Nc3 Rd8 32. Nd5 Qg7 33. Qh4 Rd7 34. Nc3 Qf6 35. Qg3 d5 36. Rd1 Ne7 37. Qd3 d4 38. Ne4 Qf5 39. Kh1 Nc6 40. g4 hxg4 41. hxg4 Qf4 42. g5 Kg7 43. Kg1 Ne5 44. Qe2 Nf3+ 45. Kg2 Qg4+ 46. Ng3 Nh4+ 47. Kf1 Qxg5 48. Qc4 Qd5 49. Qxd5 Rxd5 50. Rd3 Kf6 51. f4 Nf5 52. Ne4+ Ke7 53. Rh3 Ne3+ 54. Ke2 Rh5 55. Rg3 Kf7 56. Kd3 Nf5 57. Rf3 Rh2 58. Nd2 Ke6 59. b4 Kd5 60. b3 b5 1/2-1/2

[Event "Ruhrgebiet Verbandsklasse Gruppe 1 1819"]
[Site "Nordrheinwestfalen"]
[Date "2018.10.07"]
[Round "2.3"]
[White "Sondermann, Dirk"]
[Black "Radi, Guenter"]
[Result "1/2-1/2"]
[WhiteElo "1844"]
[BlackElo "1896"]
[PlyCount "84"]
[EventDate "2018.09.23"]
[EventType "team-tourn"]
[EventRounds "9"]
[EventCountry "GER"]
[SourceTitle "EXT 2022"]
[Source "ChessBase"]
[SourceDate "2021.10.06"]
[SourceVersion "1"]
[SourceVersionDate "2021.10.06"]
[SourceQuality "1"]
[WhiteTeam "Annen Sport Union"]
[BlackTeam "Guennigfeld SV"]
[WhiteTeamCountry "GER"]
[BlackTeamCountry "GER"]

1. d4 d5 2. Nf3 Nf6 3. e3 e6 4. c4 dxc4 5. Bxc4 c5 6. 0-0 a6 7. a4 Nc6 8. Nc3 Be7 9. Qe2 0-0 10. Rd1 Qc7 11. h3 Rd8 12. d5 exd5 13. Nxd5 Nxd5 14. Rxd5 Rxd5 15. Bxd5 Nb4 16. Bc4 Bf6 17. e4 Nc6 18. Be3 Ne5 19. Bf4 Be6 20. Bxe6 fxe6 21. Rc1 Nxf3+ 22. Qxf3 Qc6 23. e5 Qxf3 24. gxf3 Be7 25. Be3 Rc8 26. a5 Kf7 27. Rc4 Rc6 28. Kf1 Ke8 29. Bd2 Kd7 30. h4 Rc8 31. Rg4 Bf8 32. Rf4 Ke8 33. b3 Rd8 34. Ke2 Rd5 35. Bc3 Be7 36. Rg4 g6 37. f4 Kf7 38. Rg3 Bxh4 39. Rh3 Be7 40. Rxh7+ Kf8 41. Rh8+ Kf7 42. Rh7+ Kf8 1/2-1/2

[Event "Ruhrgebiet Verbandsklasse Gruppe 1 1617"]
[Site "Germany"]
[Date "2016.09.25"]
[Round "2.4"]
[White "Lemke, Philipp"]
[Black "Radi, Guenter"]
[Result "0-1"]
[WhiteElo "1785"]
[BlackElo "1884"]
[PlyCount "150"]
[EventDate "2016.09.04"]
[EventType "team-tourn"]
[EventRounds "9"]
[EventCountry "GER"]
[SourceTitle "EXT 2022"]
[Source "ChessBase"]
[SourceDate "2021.10.06"]
[SourceVersion "1"]
[SourceVersionDate "2021.10.06"]
[SourceQuality "1"]
[WhiteTeam "Huckarde Westerfilde"]
[BlackTeam "Guennigfeld SV"]
[WhiteTeamCountry "GER"]
[BlackTeamCountry "GER"]

1. e4 c5 2. c3 Nc6 3. d4 cxd4 4. cxd4 d5 5. exd5 Qxd5 6. Nf3 e6 7. Nc3 Bb4 8. Bd2 Bxc3 9. bxc3 Nf6 10. Bd3 0-0 11. 0-0 Na5 12. Ne5 Nc6 13. f4 b6 14. Qe2 Bb7 15. Be3 Qd6 16. Rf3 Ne7 17. Rh3 g6 18. Bf2 Ned5 19. Qf3 Qc7 20. Qg3 Ne8 21. Qh4 f5 22. Nxg6 Rf7 23. Ne5 Rg7 24. Rg3 Qxc3 25. Re1 Qc7 26. Rg5 Ndf6 27. Be3 Ne4 28. Rc1 Qd8 29. Rxg7+ Nxg7 30. Qxd8+ Rxd8 31. Nc6 Ra8 32. Bb5 Nd6 33. Ba4 Nge8 34. Bb3 Kf7 35. d5 exd5 36. Bxd5+ Kg6 37. Bd4 h5 38. Re1 Bxc6 39. Bxc6 Rc8 40. Bd7 Rd8 41. Ba4 Ne4 42. Be5 N8f6 43. Rc1 Nc5 44. Bc6 Rd2 45. a4 Kf7 46. Bf3 h4 47. a5 Nfd7 48. axb6 axb6 49. Bc7 Ne6 50. Bh5+ Kf6 51. Rc6 Ke7 52. Bxb6 Nxb6 53. Rxb6 Nxf4 54. Bf3 Ne6 55. Bb7 Nc5 56. Bc8 Ne4 57. Kf1 Rf2+ 58. Kg1 Rc2 59. Ba6 Rc1+ 60. Bf1 Nd2 61. Rb7+ Kf6 62. Kf2 Nxf1 63. Rh7 Nxh2 64. Rxh4 Ng4+ 65. Kf3 Rf1+ 66. Ke2 Rf2+ 67. Ke1 Rxg2 68. Rh8 Ke5 69. Re8+ Kf4 70. Rf8 Ne3 71. Rh8 Kf3 72. Rh3+ Ke4 73. Rh7 f4 74. Re7+ Kf3 75. Rh7 Re2# 0-1

[Event "Ruhrgebiet VK3 1213"]
[Site "Nordrheinwestfalen"]
[Date "2013.04.07"]
[Round "8"]
[White "Guddat, Joachim"]
[Black "Radi, Guenter"]
[Result "1-0"]
[WhiteElo "2036"]
[BlackElo "1922"]
[PlyCount "131"]
[EventDate "2012.09.02"]
[EventType "team-tourn"]
[EventRounds "9"]
[EventCountry "GER"]
[SourceTitle "EXT 2020"]
[Source "ChessBase"]
[SourceDate "2019.10.17"]
[SourceVersion "1"]
[SourceVersionDate "2019.10.17"]
[SourceQuality "1"]
[WhiteTeam "Osterfeld Schwarze Dame"]
[BlackTeam "Guennigfeld SV"]
[WhiteTeamCountry "GER"]
[BlackTeamCountry "GER"]

1. d4 Nf6 2. Nf3 g6 3. c4 Bg7 4. Nc3 0-0 5. e4 d6 6. Bg5 Bg4 7. Be2 Nbd7 8. Nd2 Bxe2 9. Qxe2 e5 10. d5 Qc8 11. 0-0 Nb6 12. Be3 Ng4 13. c5 Nxe3 14. Qxe3 Nd7 15. b4 f5 16. f3 f4 17. Qf2 g5 18. cxd6 cxd6 19. Nb5 Rf6 20. Rfc1 Qd8 21. Nc7 Rc8 22. Ne6 Rxc1+ 23. Rxc1 Qb8 24. Nxg5 Nf8 25. Nb3 Rg6 26. Nh3 b6 27. Qh4 Qb7 28. b5 Bf6 29. Qh5 Qg7 30. Rc2 Bd8 31. Qf5 Nd7 32. Kf1 Nc5 33. Nxc5 dxc5 34. Qc8 Qe7 35. Nf2 Rd6 36. Nd3 Rg6 37. Nb2 Kh8 38. Nc4 Rg8 39. Qe6 Qh4 40. Nxe5 Qxh2 41. Qh3 Qxh3 42. gxh3 Bf6 43. Nf7+ Kg7 44. Nd6 Rd8 45. Nc4 Bd4 46. Rg2+ Kf6 47. Rg4 Be5 48. h4 Bc7 49. Rg5 Kf7 50. Ke2 a6 51. a4 axb5 52. axb5 Ra8 53. Rf5+ Kg6 54. h5+ Kg7 55. d6 Bd8 56. e5 h6 57. e6 Bf6 58. Nxb6 Ra2+ 59. Kd3 Ra3+ 60. Ke4 Re3+ 61. Kd5 Rxf3 62. e7 Re3 63. Rxf4 Re5+ 64. Kc6 Bxe7 65. dxe7 Rxe7 66. Rf5 1-0

[Event "Ruhrgebiet VK3 1213"]
[Site "Nordrheinwestfalen"]
[Date "2012.09.30"]
[Round "2"]
[White "Radi, Guenter"]
[Black "Wojdyla, Martin"]
[Result "1-0"]
[WhiteElo "1922"]
[BlackElo "1915"]
[PlyCount "70"]
[EventDate "2012.09.02"]
[EventType "team-tourn"]
[EventRounds "9"]
[EventCountry "GER"]
[SourceTitle "EXT 2020"]
[Source "ChessBase"]
[SourceDate "2019.10.17"]
[SourceVersion "1"]
[SourceVersionDate "2019.10.17"]
[SourceQuality "1"]
[WhiteTeam "Guennigfeld SV"]
[BlackTeam "Brackel SF III"]
[WhiteTeamCountry "GER"]
[BlackTeamCountry "GER"]

1. d4 f5 2. Nf3 Nf6 3. c4 g6 4. Nc3 Bg7 5. Bf4 d6 6. Qb3 c6 7. h3 Qb6 8. Qxb6 axb6 9. e3 0-0 10. Bd3 Nbd7 11. 0-0 Re8 12. Bc2 e5 13. Bh2 Ne4 14. Bxe4 exd4 15. Nxd4 fxe4 16. Bxd6 Nc5 17. Rfd1 Nd3 18. Rd2 Ne5 19. b3 b5 20. cxb5 Nf7 21. Bb4 Bd7 22. bxc6 bxc6 23. Nde2 Bf5 24. Rad1 Ne5 25. Kf1 h5 26. Na4 Nd3 27. Bc3 Bf8 28. Ng3 Bc8 29. Nb6 Ba6 30. Nxa8 Rxa8 31. Kg1 Nc5 32. Rd8 Ra7 33. Bd4 Rd7 34. Rxf8+ Kxf8 35. Bxc5+ Ke8 1-0

[Event "Herne-ch 14th"]
[Site "Herne"]
[Date "2011.03.29"]
[Round "7"]
[White "Bartel, Mario"]
[Black "Radi, Guenter"]
[Result "1-0"]
[WhiteElo "2122"]
[BlackElo "1862"]
[PlyCount "71"]
[EventDate "2011.02.07"]
[EventType "swiss"]
[EventRounds "7"]
[EventCountry "GER"]
[SourceTitle "EXT 2014"]
[Source "ChessBase"]
[SourceDate "2013.11.20"]
[SourceVersion "1"]
[SourceVersionDate "2013.11.20"]
[SourceQuality "1"]

1. e4 e6 2. d4 d5 3. e5 c5 4. c3 Nc6 5. Nf3 Qb6 6. Bd3 cxd4 7. cxd4 Bd7 8. Nc3 Bb4 9. 0-0 Nge7 10. Na4 Qc7 11. a3 Ba5 12. Be3 Bb6 13. Rc1 Qd8 14. Nc3 a6 15. b4 Ng6 16. b5 Nce7 17. bxa6 bxa6 18. Qe2 Ba5 19. h4 0-0 20. h5 Nh8 21. Ng5 g6 22. Qg4 Kg7 23. Qh3 h6 24. Nf3 Ng8 25. Ne2 Bb5 26. Bxb5 axb5 27. hxg6 Nxg6 28. Ng3 Re8 29. Rc6 Kf8 30. Bxh6+ Nxh6 31. Qxh6+ Ke7 32. Rd6 Qc7 33. Qg5+ Kf8 34. Nh5 Qc2 35. Rd7 Re7 36. Qh6+ 1-0

[Event "Herne-ch 14th"]
[Site "Herne"]
[Date "2011.03.21"]
[Round "6"]
[White "Radi, Guenter"]
[Black "Barth, Hans Joachim"]
[Result "1-0"]
[WhiteElo "1862"]
[BlackElo "1736"]
[PlyCount "73"]
[EventDate "2011.02.07"]
[EventType "swiss"]
[EventRounds "7"]
[EventCountry "GER"]
[SourceTitle "EXT 2014"]
[Source "ChessBase"]
[SourceDate "2013.11.20"]
[SourceVersion "1"]
[SourceVersionDate "2013.11.20"]
[SourceQuality "1"]

1. d4 Nf6 2. Nf3 e6 3. c4 b6 4. Nc3 Bb4 5. Bd2 Bb7 6. e3 0-0 7. Bd3 d5 8. 0-0 Nbd7 9. Rc1 Bxc3 10. Bxc3 dxc4 11. Bxc4 Ne4 12. Bb4 c5 13. Ba3 Qf6 14. Qe2 a6 15. Bd3 Rfc8 16. Rfd1 cxd4 17. Rxc8+ Rxc8 18. Bxa6 d3 19. Bxd3 Ne5 20. Nxe5 Qxe5 21. f3 Nf6 22. Qf2 Qa5 23. Qd2 Qe5 24. b3 Ra8 25. Bb4 Qg5 26. e4 Qe5 27. Bb1 h6 28. Qd4 Qc7 29. Bd6 Qc6 30. Bf4 h5 31. Be3 b5 32. Rc1 Qe8 33. Bg5 Rd8 34. Qb6 Qd7 35. e5 Nd5 36. Qxd8+ Qxd8 37. Bxd8 1-0

[Event "Herne-ch 14th"]
[Site "Herne"]
[Date "2011.02.22"]
[Round "3"]
[White "Stenzel, Gerhard"]
[Black "Radi, Guenter"]
[Result "0-1"]
[WhiteElo "1688"]
[BlackElo "1862"]
[PlyCount "90"]
[EventDate "2011.02.07"]
[EventType "swiss"]
[EventRounds "7"]
[EventCountry "GER"]
[SourceTitle "EXT 2014"]
[Source "ChessBase"]
[SourceDate "2013.11.20"]
[SourceVersion "1"]
[SourceVersionDate "2013.11.20"]
[SourceQuality "1"]

1. d4 d5 2. c4 c6 3. Nc3 g6 4. Nf3 Bg7 5. e3 Nf6 6. h3 0-0 7. Qb3 e6 8. cxd5 exd5 9. Bd3 Nbd7 10. 0-0 Nb6 11. Na4 Nxa4 12. Qxa4 Ne4 13. Qc2 f5 14. b4 a6 15. a4 Re8 16. Bb2 Bd7 17. Rfe1 Qf6 18. Ne5 Qd6 19. Nxd7 Qxd7 20. Rab1 Bf8 21. Bc1 Rec8 22. Qb3 Qf7 23. Bxe4 fxe4 24. Rf1 Bd6 25. f3 Qe6 26. Qd1 Rf8 27. f4 Qe7 28. Qe1 Rfc8 29. Bd2 b6 30. Qe2 Qa7 31. Qg4 Qf7 32. Rbc1 Qf5 33. Qh4 Ra7 34. g4 Qe6 35. f5 gxf5 36. Rxf5 Rg7 37. Rcf1 Be7 38. Qf2 Kh8 39. Qe2 Rcg8 40. Kh1 Qh6 41. Rh5 Qg6 42. Qxa6 Qxh5 43. gxh5 Rg3 44. Rf2 Rg1+ 45. Kh2 Bd6+ 0-1

[Event "Herne-ch 14th"]
[Site "Herne"]
[Date "2011.02.15"]
[Round "2"]
[White "Radi, Guenter"]
[Black "Trzaska, Peter"]
[Result "0-1"]
[WhiteElo "1862"]
[BlackElo "2126"]
[PlyCount "134"]
[EventDate "2011.02.07"]
[EventType "swiss"]
[EventRounds "7"]
[EventCountry "GER"]
[SourceTitle "EXT 2014"]
[Source "ChessBase"]
[SourceDate "2013.11.20"]
[SourceVersion "1"]
[SourceVersionDate "2013.11.20"]
[SourceQuality "1"]

1. e4 c6 2. d4 d5 3. e5 Bf5 4. Bd3 Bxd3 5. Qxd3 e6 6. Ne2 Qa5+ 7. c3 Qa6 8. Qxa6 Nxa6 9. b4 Nb8 10. a3 a5 11. Bb2 Nd7 12. Nd2 Nb6 13. 0-0-0 Nh6 14. h3 f6 15. Nf3 Nf7 16. Nf4 Kd7 17. Rhe1 fxe5 18. Nxe5+ Nxe5 19. dxe5 Nc4 20. Nd3 Be7 21. Kc2 Rhf8 22. Bc1 axb4 23. axb4 Ra2+ 24. Kb3 Rfa8 25. Bb2 Bg5 26. Ra1 Rxa1 27. Rxa1 Rxa1 28. Bxa1 b6 29. Bb2 Kc7 30. f4 Bh4 31. Bc1 Bg3 32. Kc2 Kb7 33. Kd1 Ka6 34. Ne1 Bxe1 35. Kxe1 Kb5 36. Ke2 c5 37. bxc5 bxc5 38. Kd3 g6 39. g4 h5 40. Kc2 hxg4 41. hxg4 Ka4 42. Kd3 Kb5 43. Kc2 Ka4 44. Bd2 Kb5 45. Be1 Ne3+ 46. Kd3 Nxg4 47. Bh4 Nh6 48. Bf2 Nf5 49. Bg1 Ne7 50. Bf2 Nc6 51. Be3 g5 52. fxg5 Nxe5+ 53. Kc2 Kc4 54. Bf4 Ng6 55. Bd6 e5 56. Kd2 d4 57. cxd4 cxd4 58. Bc7 Kd5 59. Bb6 e4 60. Bc7 Nh4 61. Ke2 d3+ 62. Kf2 Nf5 63. Bb6 Ke5 64. Bc7+ Kd4 65. Bb6+ Kc3 66. Ba5+ Kc2 67. Ke1 e3 0-1

[Event "Herne-ch 14th"]
[Site "Herne"]
[Date "2011.02.07"]
[Round "1"]
[White "Grunwald, Guenther"]
[Black "Radi, Guenter"]
[Result "0-1"]
[WhiteElo "1695"]
[BlackElo "1862"]
[PlyCount "72"]
[EventDate "2011.02.07"]
[EventType "swiss"]
[EventRounds "7"]
[EventCountry "GER"]
[SourceTitle "EXT 2014"]
[Source "ChessBase"]
[SourceDate "2013.11.20"]
[SourceVersion "1"]
[SourceVersionDate "2013.11.20"]
[SourceQuality "1"]

1. e4 e6 2. d4 d5 3. e5 c5 4. c3 Nc6 5. Nf3 Qb6 6. a3 Bd7 7. Be2 Nge7 8. 0-0 cxd4 9. cxd4 Nf5 10. b4 Nfxd4 11. Nxd4 Qxd4 12. Qxd4 Nxd4 13. Bd1 Be7 14. Be3 Nf5 15. Bd2 0-0 16. g4 Nh4 17. f4 f6 18. Bc3 fxe5 19. Bxe5 Ng6 20. Nd2 Nxe5 21. fxe5 Rxf1+ 22. Kxf1 Rc8 23. Nf3 Bd8 24. Ke1 Rc4 25. h3 Bb6 26. Ra2 h6 27. Rc2 Rf4 28. Rg2 Bc6 29. Nd2 Bd4 30. Nf3 Be3 31. Be2 d4 32. Rg3 Bc1 33. Nd2 a6 34. Nc4 Re4 35. Kd1 Bf4 36. Rg1 Ba4+ 0-1